Library Logo

Pioneer International University Library Catalogue

CONFLICTS OVER NATURAL RESOURCES : (Record no. 9862)

MARC details
000 -LEADER
fixed length control field 00483nam a22001697a 4500
003 - CONTROL NUMBER IDENTIFIER
control field OSt
005 - DATE AND TIME OF LATEST TRANSACTION
control field 20251202114512.0
008 - FIXED-LENGTH DATA ELEMENTS--GENERAL INFORMATION
fixed length control field 251202b |||||||| |||| 00| 0 eng d
010 ## - LIBRARY OF CONGRESS CONTROL NUMBER
LC control number 2006030998
020 ## - INTERNATIONAL STANDARD BOOK NUMBER
International Standard Book Number 9781598840155
040 ## - CATALOGING SOURCE
Transcribing agency ABC-CLIO INC
050 ## - LIBRARY OF CONGRESS CALL NUMBER
Classification number S 944 .V38 2007
245 ## - TITLE STATEMENT
Title CONFLICTS OVER NATURAL RESOURCES :
Remainder of title A REFERENCE HANDBOOK/
Statement of responsibility, etc. VAUGHN JACQUELINE
250 ## - EDITION STATEMENT
Edition statement 1ST EDITION
260 ## - PUBLICATION, DISTRIBUTION, ETC.
Place of publication, distribution, etc. SANTA BARBARA, CALIFORNIA:
Name of publisher, distributor, etc. ABC-CLIO ,INC,
Date of publication, distribution, etc. 2007
942 ## - ADDED ENTRY ELEMENTS (KOHA)
Source of classification or shelving scheme Library of Congress Classification
Koha item type Books
Suppress in OPAC No
Holdings
Withdrawn status Lost status Source of classification or shelving scheme Damaged status Not for loan Home library Current library Date acquired Total checkouts Barcode Date last seen Date last checked out Price effective from Koha item type
    Library of Congress Classification     PIU Library PIU Library 12/02/2025 1 PIUDL885 02/18/2026 02/04/2026 12/02/2025 Books